A gazetteer of the world

Bibliographic Details
Format: Book
Published: New Delhi : Gian Publishing House , 1988
Subjects:

MARC

LEADER 00000cam a2200000 7i4500
001 0000006446
005 20221218093000.0
020 |a 8121201276 
090 0 0 |a G103   |b .G3 (j1-7) 
245 0 0 |a A gazetteer of the world 
260 2 |a New Delhi :   |b Gian Publishing House ,   |c 1988 
300 |a 7 v. ;   |c 22 cm. 
650 0 |a Gazetteers 
650 0 |a Geography   |v Dictionaries 
999 |a 1000026968   |b Book   |c Reference   |e Gong Badak Campus 
999 |a 1000026969   |b Book   |c Reference   |e Gong Badak Campus 
999 |a 1000026970   |b Book   |c Reference   |e Gong Badak Campus 
999 |a 1000026971   |b Book   |c Reference   |e Gong Badak Campus 
999 |a 1000026972   |b Book   |c Reference   |e Gong Badak Campus 
999 |a 1000026973   |b Book   |c Reference   |e Gong Badak Campus 
999 |a 1000026974   |b Book   |c Reference   |e Gong Badak Campus